| Tag |
First Indicator |
Second Indicator |
Subfields |
| LEADER |
00000cam a2200000 i 4500 |
| 001 |
in00000665705 |
| 005 |
20151015085909.0 |
| 008 |
800424s1980 dcua b 00010 eng |
| 010 |
|
|
|a 80080079
|
| 020 |
|
|
|a 0309030234 (pbk.)
|
| 035 |
|
|
|a (OCoLC)06047388
|
| 035 |
|
|
|9 ACY3684AM
|
| 040 |
|
|
|a DLC
|c DLC
|d TXA
|d UtOrBLW
|
| 043 |
|
|
|a n-us---
|
| 049 |
|
|
|a TXAM
|c [1385147]
|
| 050 |
0 |
0 |
|a Q130
|b .N37 1980
|
| 082 |
0 |
|
|a 331.4/125
|
| 110 |
2 |
|
|a National Research Council (U.S.).
|b Committee on the Education and Employment of Women in Science and Engineering.
|
| 245 |
1 |
0 |
|a Women scientists in industry and government :
|b how much progress in the 1970's? : An interim report to the Office of Science and Technology Policy from the Committee on the Education and Employment of Women in Science and Engineering, Commission on Human Resources, National Research Council.
|
| 264 |
|
1 |
|a Washington, D.C. :
|b National Academy of Sciences : available from Office of Publications, National Academy of Sciences,
|c 1980.
|
| 300 |
|
|
|a vii, 56 pages :
|b illustrations ;
|c 28 cm.
|
| 336 |
|
|
|a text
|b txt
|2 rdacontent
|
| 337 |
|
|
|a unmediated
|b n
|2 rdamedia
|
| 338 |
|
|
|a volume
|b nc
|2 rdacarrier
|
| 504 |
|
|
|a Includes bibliographical references.
|
| 650 |
|
0 |
|a Women scientists
|x Employment
|z United States.
|
| 650 |
|
0 |
|a Women engineers
|x Employment
|z United States.
|
| 650 |
|
0 |
|a Women in science
|z United States.
|
| 650 |
|
0 |
|a Women in engineering
|z United States.
|
| 710 |
1 |
|
|a United States.
|b Office of Science and Technology Policy.
|
| 999 |
|
|
|a MARS
|
| 999 |
f |
f |
|s 1f88f4ee-e5e2-3e5e-bc6a-213595e81af2
|i b05d1c0f-07fb-3e6b-ab4a-61e06a475ea7
|t 0
|
| 952 |
f |
f |
|p ric
|a Texas A&M University
|b Rellis Campus
|c Joint Library Facility
|d Remote Storage
|t 0
|e Q130 .N37 1980
|h Library of Congress classification
|i unmediated -- volume
|m A14804395284
|
| 998 |
f |
f |
|a Q130 .N37 1980
|t 0
|l Remote Storage
|